00601nam a2200169Ia 4500003000400000008004100004040001600045082001900061100002000080245009300100250001700193260008900210300002400299490004900323650003500372650002400407GCL140319s9999 xx 000 0 ara d aGCL / cGCL04a808.068bا ا1 aاحمد زلط10aادب الطفولة : bاصوله .. مفاهيمه .. رواده / cاحمد زلط aالاولى aالقاهرة : bالشركة العربية للنشر والتوزيع ، c1990 a194 ص ؛ c24 سم aدراسات فى الادب والنقدv104aالاطفال فى الادب04aتاريخ ونقد